000 00401nam a2200157Ia 4500
003 OSt
005 20250529142616.0
008 250516s9999 xx 000 0 und d
020 _a9781909942479
040 _c-
082 _a892.736 EL
100 _aEl Saadawi, Nawal
245 0 _aOff Limits: New Writings On Fear And Sin
260 _bUniversity of Chicago Press
_c2020
942 _cENGLISH
_2ddc
999 _c571154
_d571154